000
00220 a2200097 4500
001
53160
100
_a
Sessions, K W
245
_a
I C Schematic Sourcemaster
260
_a
New York
_b
John Wiley
_c
090
_c
33447
_d
33447
942
_a
NUST-CAE
_c
M
_c
26055
999
_c
288233
_d
288233